[Event "Varennes U1800"]
[Site "Varennes CAN"]
[Date "2011.11.05"]
[Round "3"]
[White "Cusson, Michel"]
[Black "Blais, Georges"]
[Result "0-1"]
[WhiteElo "1521"]
[BlackElo "1565"]
[PlyCount "38"]
[GameId "2160767909573777"]
[EventDate "2011.11.04"]
[EventType "swiss"]
[EventRounds "5"]
[EventCountry "CAN"]

1. e4 d5 2. exd5 Nf6 3. d4 Nxd5 4. c4 Nb4 5. Qa4+ N8c6 6. d5 b5 7. cxb5 Nd4 8. Na3 e5 9. Be3 Qxd5 10. O-O-O Nxa2+ 11. Kb1 Bf5+ 12. Bd3 Bxd3+ 13. Rxd3 Nb4 14. b6+ c6 15. b7 Rb8 16. Qxa7 Bd6 17. Bxd4 Nxd3 18. Nf3 exd4 19. Nxd4 O-O 0-1

[Event "Varennes U1800"]
[Site "Varennes CAN"]
[Date "2011.11.05"]
[Round "3"]
[White "Duplessis, Jean-Roch"]
[Black "Nantel, Felix"]
[Result "0-1"]
[WhiteElo "1691"]
[BlackElo "1608"]
[PlyCount "58"]
[GameId "2160767909573778"]
[EventDate "2011.11.04"]
[EventType "swiss"]
[EventRounds "5"]
[EventCountry "CAN"]
[SourceTitle "EXT 2022"]
[Source "ChessBase"]
[SourceDate "2021.10.06"]
[SourceVersion "1"]
[SourceVersionDate "2021.10.06"]
[SourceQuality "1"]

1. e4 e6 2. d4 d5 3. Nc3 Nf6 4. Bg5 Be7 5. Nge2 O-O 6. e5 Nfd7 7. h4 Bxg5 8. hxg5 Qxg5 9. Qd3 Qg6 10. Nf4 Qxd3 11. Bxd3 h6 12. g4 Re8 13. Ncxd5 exd5 14. Nxd5 Nxe5 15. dxe5 Rxe5+ 16. Ne3 Bxg4 17. Kd2 Bf3 18. Rh4 Nc6 19. Rg1 Rd8 20. Kc1 Nd4 21. Rxh6 Be2 22. Kb1 Bxd3 23. cxd3 Ne2 24. Rg4 Rxd3 25. Rh2 Rc5 26. Rh1 Rd2 27. Re4 f5 28. Re7 f4 29. Ng4 Rb5 0-1

[Event "Varennes U1800"]
[Site "Varennes CAN"]
[Date "2011.11.05"]
[Round "3"]
[White "Lemieux, Serge"]
[Black "Michaud, Jean-Francois"]
[Result "1-0"]
[WhiteElo "1500"]
[BlackElo "1573"]
[PlyCount "101"]
[GameId "2160767909573779"]
[EventDate "2011.11.04"]
[EventType "swiss"]
[EventRounds "5"]
[EventCountry "CAN"]
[SourceTitle "EXT 2022"]
[Source "ChessBase"]
[SourceDate "2021.10.06"]
[SourceVersion "1"]
[SourceVersionDate "2021.10.06"]
[SourceQuality "1"]

1. d4 Nf6 2. c4 g6 3. Nc3 Bg7 4. e4 d6 5. Be2 O-O 6. Bg5 a6 7. Qd2 Nbd7 8. Nf3 Re8 9. h4 h5 10. Nh2 c5 11. d5 Ne5 12. f3 Nh7 13. Bf4 e6 14. Bg3 exd5 15. Nxd5 Nc6 16. O-O Nd4 17. Bd1 Bd7 18. Bxd6 Ne6 19. Bg3 Bc6 20. Rb1 Bd4+ 21. Bf2 Rc8 22. b4 b6 23. bxc5 bxc5 24. Bb3 Be5 25. g3 Nf6 26. Rfd1 Bd4 27. Nc3 Qc7 28. Kg2 Rcd8 29. Nd5 Bxd5 30. cxd5 Bxf2 31. Qxf2 Nd4 32. Ba4 Re5 33. Qb2 Kg7 34. Rdc1 Qe7 35. Bd1 g5 36. Qb6 Nxd5 37. exd5 Re2+ 38. Bxe2 Qxe2+ 39. Kg1 Qe3+ 40. Kh1 Rxd5 41. Qb2 Kh7 42. Re1 Qd3 43. Rbd1 Qc4 44. Qb1+ Kg7 45. Re4 Qc3 46. Rd3 Qa5 47. Qe1 Qxa2 48. Rdxd4 cxd4 49. Rxd4 Rb5 50. Rd2 Qb3 51. Qa1+ 1-0

[Event "Varennes U1800"]
[Site "Varennes CAN"]
[Date "2011.11.05"]
[Round "3"]
[White "Lessard, Sylvain"]
[Black "Laferriere, Samuel"]
[Result "0-1"]
[WhiteElo "1567"]
[BlackElo "1492"]
[PlyCount "86"]
[GameId "2160767909573780"]
[EventDate "2011.11.04"]
[EventType "swiss"]
[EventRounds "5"]
[EventCountry "CAN"]
[SourceTitle "EXT 2022"]
[Source "ChessBase"]
[SourceDate "2021.10.06"]
[SourceVersion "1"]
[SourceVersionDate "2021.10.06"]
[SourceQuality "1"]

1. e4 e5 2. Nf3 Nc6 3. d4 exd4 4. Nxd4 Nf6 5. Nxc6 bxc6 6. e5 Nd5 7. c4 Nb6 8. Bd3 Ba6 9. b3 Bb4+ 10. Bd2 Qe7 11. Bxb4 Qxb4+ 12. Nd2 Nd5 13. O-O Nf4 14. Be4 O-O 15. Nf3 Rad8 16. g3 d5 17. exd6 Rxd6 18. Qc2 Ng6 19. h4 Re8 20. h5 Ne5 21. Rad1 Bc8 22. Rxd6 Qxd6 23. Rd1 Qf6 24. Kg2 Bg4 25. Qc3 Bxh5 26. Rd2 Nxf3 27. Qxf6 Ne1+ 28. Kf1 gxf6 29. Bxc6 Nf3 30. Bxe8 Nxd2+ 31. Ke1 Nf3+ 32. Kd1 Ne5+ 33. Kc2 Bf3 34. Kd2 Bc6 35. Bxc6 Nxc6 36. Kc3 Kf8 37. b4 Ke7 38. f4 Kd6 39. a4 a5 40. c5+ Kd5 41. b5 Ne7 42. c6 h5 43. Kb3 Nf5 0-1

[Event "Varennes U1800"]
[Site "Varennes CAN"]
[Date "2011.11.06"]
[Round "4"]
[White "Blais, Georges"]
[Black "Lemieux, Serge"]
[Result "1-0"]
[WhiteElo "1565"]
[BlackElo "1500"]
[PlyCount "63"]
[GameId "2160767909573781"]
[EventDate "2011.11.04"]
[EventType "swiss"]
[EventRounds "5"]
[EventCountry "CAN"]
[SourceTitle "EXT 2022"]
[Source "ChessBase"]
[SourceDate "2021.10.06"]
[SourceVersion "1"]
[SourceVersionDate "2021.10.06"]
[SourceQuality "1"]

1. Nf3 e6 2. d4 d5 3. Bf4 c5 4. e3 Nc6 5. c3 Bd7 6. Bd3 c4 7. Bc2 Qb6 8. Qc1 Nf6 9. h3 Rc8 10. Nbd2 Qd8 11. e4 Nxe4 12. Nxe4 dxe4 13. Bxe4 Be7 14. O-O f5 15. Bc2 O-O 16. Re1 h6 17. Qe3 g5 18. Be5 Bf6 19. Qe2 Qe7 20. Bxf6 Qxf6 21. Qxc4 Ne5 22. dxe5 Qg7 23. Qb3 g4 24. Nh4 gxh3 25. g3 Kh8 26. Rad1 f4 27. Ng6+ Kg8 28. Nxf8 fxg3 29. f3 Rxf8 30. Be4 Kh8 31. Qxb7 Qxe5 32. Qxd7 1-0

[Event "Varennes U1800"]
[Site "Varennes CAN"]
[Date "2011.11.06"]
[Round "4"]
[White "Crepeault, Adam"]
[Black "Lessard, Sylvain"]
[Result "1-0"]
[WhiteElo "1478"]
[BlackElo "1567"]
[PlyCount "143"]
[GameId "2160767909573782"]
[EventDate "2011.11.04"]
[EventType "swiss"]
[EventRounds "5"]
[EventCountry "CAN"]
[SourceTitle "EXT 2022"]
[Source "ChessBase"]
[SourceDate "2021.10.06"]
[SourceVersion "1"]
[SourceVersionDate "2021.10.06"]
[SourceQuality "1"]

1. e4 Nf6 2. e5 Nd5 3. c4 Nb6 4. d4 d6 5. f4 dxe5 6. fxe5 Nc6 7. Be3 Bf5 8. Nf3 e6 9. a3 Be7 10. Nc3 O-O 11. d5 Nb8 12. Nd4 N8d7 13. Nxf5 exf5 14. d6 cxd6 15. exd6 Bh4+ 16. g3 Re8 17. Kf2 Rxe3 18. Kxe3 Bg5+ 19. Kf2 Ne5 20. c5 Ng4+ 21. Ke1 Qe8+ 22. Qe2 Qc6 23. Bg2 Qxc5 24. Bxb7 Rb8 25. Rd1 Nd7 26. Rd5 Qb6 27. Ba6 Ngf6 28. Rb5 Qxd6 29. Rxb8+ Nxb8 30. Bb7 Nc6 31. Bxc6 Qxc6 32. Rf1 g6 33. Rf3 Kg7 34. Rd3 Qh1+ 35. Qf1 Qxh2 36. Ne2 Ne4 37. Qg1 Qxg1+ 38. Nxg1 h5 39. Nf3 Bf6 40. Nd2 Nxg3 41. b4 h4 42. b5 Be7 43. a4 Ne4 44. Nc4 Bb4+ 45. Kf1 Ng3+ 46. Kg2 Ne4 47. Rb3 Bc5 48. a5 g5 49. b6 axb6 50. axb6 g4 51. b7 Ba7 52. b8=Q Bxb8 53. Rxb8 h3+ 54. Kh2 f6 55. Ne3 Kg6 56. Rb5 Nd6 57. Rd5 Nf7 58. Nxf5 Ne5 59. Ne3 Nf3+ 60. Kg3 h2 61. Rd1 f5 62. Kg2 Kg5 63. Rd5 Nh4+ 64. Kxh2 Kf4 65. Ng2+ Nxg2 66. Kxg2 Ke4 67. Ra5 f4 68. Ra4+ Kf5 69. Kf2 Kg5 70. Ra5+ Kh4 71. Rf5 f3 72. Ra5 1-0

[Event "Varennes U1800"]
[Site "Varennes CAN"]
[Date "2011.11.06"]
[Round "4"]
[White "Duplessis, Jean-Roch"]
[Black "Carrier, Michel"]
[Result "1-0"]
[WhiteElo "1691"]
[BlackElo "1607"]
[PlyCount "43"]
[GameId "2160767909573783"]
[EventDate "2011.11.04"]
[EventType "swiss"]
[EventRounds "5"]
[EventCountry "CAN"]
[SourceTitle "EXT 2022"]
[Source "ChessBase"]
[SourceDate "2021.10.06"]
[SourceVersion "1"]
[SourceVersionDate "2021.10.06"]
[SourceQuality "1"]

1. e4 Nf6 2. Nc3 e5 3. Nf3 Nc6 4. Bb5 d6 5. d4 exd4 6. Qxd4 Bd7 7. Bxc6 Bxc6 8. Bg5 Be7 9. O-O-O O-O 10. Kb1 h6 11. Bh4 Nxe4 12. Nxe4 Bxh4 13. Rhe1 Bxe4 14. Rxe4 Bf6 15. Qe3 Re8 16. Re1 Kf8 17. Rxe8+ Qxe8 18. Qd3 Be7 19. Qh7 f6 20. Nh4 Kf7 21. Nf5 Qf8 22. Rxe7+ 1-0

[Event "Varennes U1800"]
[Site "Varennes CAN"]
[Date "2011.11.06"]
[Round "4"]
[White "Laferriere, Samuel"]
[Black "Bedard, Michel"]
[Result "1-0"]
[WhiteElo "1492"]
[BlackElo "1728"]
[PlyCount "89"]
[GameId "2160767909573784"]
[EventDate "2011.11.04"]
[EventType "swiss"]
[EventRounds "5"]
[EventCountry "CAN"]
[SourceTitle "EXT 2022"]
[Source "ChessBase"]
[SourceDate "2021.10.06"]
[SourceVersion "1"]
[SourceVersionDate "2021.10.06"]
[SourceQuality "1"]

1. e4 e5 2. Nf3 Nf6 3. Nxe5 d6 4. Nf3 Nxe4 5. Nc3 Nxc3 6. dxc3 Be7 7. Bd3 Nc6 8. O-O O-O 9. h3 Be6 10. Re1 Bf6 11. Nd4 Nxd4 12. cxd4 d5 13. Bf4 b6 14. Be5 c5 15. c3 g6 16. f4 Bg7 17. f5 Bd7 18. Qf3 f6 19. Qxd5+ Kh8 20. Bd6 Be8 21. Be4 Bf7 22. Qxa8 Qxd6 23. Qxa7 cxd4 24. Rad1 gxf5 25. Bf3 Bg8 26. Rxd4 Qc5 27. Kh1 Rf7 28. Qa8 Rf8 29. Rd8 Bh6 30. Rxf8 Bxf8 31. Re8 Kg7 32. Qb7+ Kh8 33. Qc8 Kg7 34. Qxc5 Bxc5 35. b4 Bf2 36. Re2 Bg3 37. a4 Bc4 38. Rd2 Be5 39. a5 bxa5 40. bxa5 Bb5 41. Ra2 Ba6 42. Rb2 Bxc3 43. Rb6 Bc8 44. a6 Bd4 45. a7 1-0

[Event "Varennes U1800"]
[Site "Varennes CAN"]
[Date "2011.11.06"]
[Round "4"]
[White "Plante, Marc-Eric"]
[Black "Morinvil, Geffrard"]
[Result "1-0"]
[WhiteElo "1655"]
[BlackElo "1733"]
[PlyCount "84"]
[GameId "2160767909573785"]
[EventDate "2011.11.04"]
[EventType "swiss"]
[EventRounds "5"]
[EventCountry "CAN"]
[SourceTitle "EXT 2022"]
[Source "ChessBase"]
[SourceDate "2021.10.06"]
[SourceVersion "1"]
[SourceVersionDate "2021.10.06"]
[SourceQuality "1"]

1. e4 c5 2. Nf3 d6 3. d4 cxd4 4. Nxd4 Nf6 5. Nc3 a6 6. Be3 e6 7. f3 Qc7 8. g4 Be7 9. Qd2 b5 10. O-O-O Bb7 11. g5 Nfd7 12. h4 Ne5 13. Qg2 Nbc6 14. Nxc6 Qxc6 15. Kb1 b4 16. Ne2 Nc4 17. Bc1 e5 18. Ng3 g6 19. Bxc4 Qxc4 20. Nf1 O-O 21. Ne3 Qe6 22. Nd5 Bxd5 23. exd5 Qd7 24. h5 a5 25. hxg6 fxg6 26. Rh3 Rf7 27. Rdh1 Rc8 28. Qh2 Bd8 29. f4 exf4 30. Bxf4 Bb6 31. Bxd6 Rf2 32. Qg3 Rcxc2 33. Be5 Qf5 34. Qd3 Qxe5 35. Qxc2 Rxc2 36. Kxc2 Qxd5 37. Rxh7 Bd4 38. R7h4 Qxg5 39. Rxd4 Qg2+ 40. Kb3 Qxh1 41. a4 Qc6 42. Rd8+ Kh7 1-0

[Event "Varennes U1800"]
[Site "Varennes CAN"]
[Date "2011.11.06"]
[Round "5"]
[White "Azimov, Richard"]
[Black "Laferriere, Samuel"]
[Result "1-0"]
[WhiteElo "1771"]
[BlackElo "1492"]
[PlyCount "30"]
[GameId "2160767909573786"]
[EventDate "2011.11.04"]
[EventType "swiss"]
[EventRounds "5"]
[EventCountry "CAN"]
[SourceTitle "EXT 2022"]
[Source "ChessBase"]
[SourceDate "2021.10.06"]
[SourceVersion "1"]
[SourceVersionDate "2021.10.06"]
[SourceQuality "1"]

1. e4 e6 2. d4 d5 3. Be3 dxe4 4. Nd2 Nf6 5. f3 exf3 6. Ngxf3 Be7 7. Bd3 O-O 8. O-O Nd5 9. Qe2 Nxe3 10. Qxe3 Nd7 11. c3 c5 12. Nc4 b6 13. Qe4 Nf6 14. Qxa8 Qc7 15. Nfe5 Nd5 1-0

[Event "Varennes U1800"]
[Site "Varennes CAN"]
[Date "2011.11.06"]
[Round "5"]
[White "Bedard, Michel"]
[Black "Cusson, Michel"]
[Result "1-0"]
[WhiteElo "1728"]
[BlackElo "1521"]
[PlyCount "81"]
[GameId "2160767909573787"]
[EventDate "2011.11.04"]
[EventType "swiss"]
[EventRounds "5"]
[EventCountry "CAN"]
[SourceTitle "EXT 2022"]
[Source "ChessBase"]
[SourceDate "2021.10.06"]
[SourceVersion "1"]
[SourceVersionDate "2021.10.06"]
[SourceQuality "1"]

1. c4 Nf6 2. Nc3 g6 3. g3 Bg7 4. Bg2 O-O 5. d4 e6 6. e4 d6 7. Nf3 b6 8. O-O Bb7 9. Re1 Re8 10. Qc2 e5 11. dxe5 dxe5 12. Bg5 Nc6 13. Rad1 Nd4 14. Nxd4 exd4 15. Nd5 h6 16. Nxf6+ Bxf6 17. Bxf6 Qxf6 18. e5 Rxe5 19. Bxb7 Rae8 20. Rxe5 Rxe5 21. Bg2 c5 22. Qd2 Kg7 23. Re1 Rxe1+ 24. Qxe1 Qe6 25. Qxe6 fxe6 26. Kf1 Kf6 27. Ke2 g5 28. Kd3 Kf5 29. h3 h5 30. Bf3 h4 31. a3 Ke5 32. Bg4 Kf6 33. gxh4 gxh4 34. Ke4 a6 35. a4 a5 36. f4 Ke7 37. Ke5 d3 38. Bxe6 Kd8 39. Kf6 Ke8 40. Kg7 Ke7 41. Bg4 1-0

[Event "Varennes U1800"]
[Site "Varennes CAN"]
[Date "2011.11.06"]
[Round "5"]
[White "Blais, Georges"]
[Black "Crepeault, Adam"]
[Result "1/2-1/2"]
[WhiteElo "1565"]
[BlackElo "1478"]
[PlyCount "53"]
[GameId "2160767909573788"]
[EventDate "2011.11.04"]
[EventType "swiss"]
[EventRounds "5"]
[EventCountry "CAN"]
[SourceTitle "EXT 2022"]
[Source "ChessBase"]
[SourceDate "2021.10.06"]
[SourceVersion "1"]
[SourceVersionDate "2021.10.06"]
[SourceQuality "1"]

1. Nf3 Nf6 2. d4 e6 3. Bf4 Be7 4. h3 b6 5. e3 Bb7 6. Bd3 d5 7. c3 h6 8. Nbd2 Nbd7 9. Qe2 c5 10. Bc2 a5 11. Ba4 Ba6 12. Bb5 Bxb5 13. Qxb5 O-O 14. O-O Re8 15. Ne5 Nxe5 16. dxe5 Nd7 17. Rad1 f6 18. Nf3 fxe5 19. Nxe5 Nxe5 20. Bxe5 Bd6 21. Bxd6 Qxd6 22. Qd3 Rad8 23. e4 Qe7 24. Qe3 dxe4 25. Qxe4 Rd6 26. Rxd6 Qxd6 27. Re1 1/2-1/2

[Event "Varennes U1800"]
[Site "Varennes CAN"]
[Date "2011.11.06"]
[Round "5"]
[White "Lemieux, Serge"]
[Black "Carrier, Michel"]
[Result "1-0"]
[WhiteElo "1500"]
[BlackElo "1607"]
[PlyCount "59"]
[GameId "2160767909639325"]
[EventDate "2011.11.04"]
[EventType "swiss"]
[EventRounds "5"]
[EventCountry "CAN"]
[SourceTitle "EXT 2022"]
[Source "ChessBase"]
[SourceDate "2021.10.06"]
[SourceVersion "1"]
[SourceVersionDate "2021.10.06"]
[SourceQuality "1"]

1. d4 Nf6 2. c4 c5 3. d5 e6 4. Nc3 exd5 5. cxd5 d6 6. Nf3 g6 7. Bg5 Bg7 8. Nd2 Nbd7 9. Nc4 Nb6 10. e3 O-O 11. Bf4 Nxc4 12. Bxc4 Nh5 13. Bg3 Nxg3 14. hxg3 Re8 15. Qd2 a6 16. a4 Bd7 17. Ke2 Qb8 18. a5 b6 19. axb6 Qxb6 20. Qc2 Bf5 21. Bd3 Bxd3+ 22. Kxd3 Reb8 23. Rab1 Qb7 24. Ke2 Bxc3 25. Qxc3 Qxd5 26. Rxh7 Qe5 27. Qxe5 dxe5 28. Rhh1 Kf8 29. Kd3 Rb4 30. Rh8+ 1-0

[Event "Varennes U1800"]
[Site "Varennes CAN"]
[Date "2011.11.06"]
[Round "5"]
[White "Morinvil, Geffrard"]
[Black "Duplessis, Jean-Roch"]
[Result "0-1"]
[WhiteElo "1733"]
[BlackElo "1691"]
[PlyCount "54"]
[GameId "2160767909639326"]
[EventDate "2011.11.04"]
[EventType "swiss"]
[EventRounds "5"]
[EventCountry "CAN"]
[SourceTitle "EXT 2022"]
[Source "ChessBase"]
[SourceDate "2021.10.06"]
[SourceVersion "1"]
[SourceVersionDate "2021.10.06"]
[SourceQuality "1"]

1. d4 Nf6 2. c4 e6 3. Nc3 b6 4. Nf3 Bb7 5. g3 Bxf3 6. exf3 c6 7. d5 cxd5 8. cxd5 Nxd5 9. Nxd5 exd5 10. Qxd5 Bb4+ 11. Bd2 Qe7+ 12. Be2 Bxd2+ 13. Qxd2 O-O 14. O-O Nc6 15. Rfe1 Qf6 16. Rad1 Rfe8 17. f4 d5 18. Bf3 Rxe1+ 19. Rxe1 Nd4 20. Bxd5 Rd8 21. Bg2 h5 22. Qc1 Qd6 23. Qc4 b5 24. Qd3 Qb4 25. Qb1 Ne6 26. Re4 Qd2 27. Bf1 a6 0-1

[Event "Varennes inv."]
[Site "Varennes CAN"]
[Date "2011.11.04"]
[Round "1"]
[White "Leveille, Francois"]
[Black "Caire, Francois"]
[Result "1-0"]
[WhiteElo "2309"]
[BlackElo "2272"]
[PlyCount "73"]
[GameId "2160767909639328"]
[EventDate "2011.11.04"]
[EventType "tourn"]
[EventRounds "5"]
[EventCountry "CAN"]
[SourceTitle "hb 2011"]

1. Nf3 Nf6 2. c4 Nc6 3. d4 e6 4. Nc3 Bb4 5. e3 O-O 6. Bd3 d5 7. O-O dxc4 8. Bxc4 Bd6 9. h3 a6 10. a3 e5 11. Qc2 exd4 12. exd4 Ne7 13. Bg5 Bf5 14. Qe2 Ng6 15. Ne5 h6 16. Nxg6 Bxg6 17. Bh4 Be7 18. Rfd1 Re8 19. Qf3 b5 20. Ba2 Bh5 21. g4 Bg6 22. Re1 Rb8 23. b4 Nh7 24. Bg3 Bd6 25. Be5 Qh4 26. Kg2 Rbd8 27. Bxd6 Rxe1 28. Rxe1 cxd6 29. Re3 h5 30. Qg3 Qf6 31. f4 Nf8 32. f5 Bh7 33. Re4 hxg4 34. hxg4 Rc8 35. Bb3 g6 36. Nd5 Qg5 37. Ne7+ 1-0

[Event "Varennes inv."]
[Site "Varennes CAN"]
[Date "2011.11.04"]
[Round "1"]
[White "Masse, Hugues"]
[Black "Roy, Myriam"]
[Result "1/2-1/2"]
[WhiteElo "2294"]
[BlackElo "2088"]
[PlyCount "48"]
[GameId "2160767909639329"]
[EventDate "2011.11.04"]
[EventType "tourn"]
[EventRounds "5"]
[EventCountry "CAN"]
[SourceTitle "hb 2011"]

1. d4 d5 2. c4 c6 3. Nf3 Nf6 4. Nc3 Bf5 5. cxd5 cxd5 6. Qb3 Qb6 7. Nxd5 Nxd5 8. Qxd5 e6 9. Qb3 Qxb3 10. axb3 Bc2 11. e3 Bxb3 12. Bb5+ Nc6 13. O-O Bd6 14. Nd2 Bc2 15. Nc4 Bc7 16. Bd2 Kd7 17. Rfc1 Bd3 18. Bb4 Rhc8 19. Bxc6+ bxc6 20. Bc5 Bxc4 21. Rxc4 Rcb8 22. b4 a5 23. bxa5 Rxa5 24. Rac1 Rb2 1/2-1/2

[Event "Varennes inv."]
[Site "Varennes CAN"]
[Date "2011.11.05"]
[Round "2"]
[White "Caire, Francois"]
[Black "Roy, Myriam"]
[Result "1/2-1/2"]
[WhiteElo "2272"]
[BlackElo "2088"]
[PlyCount "46"]
[GameId "2160767909639330"]
[EventDate "2011.11.04"]
[EventType "tourn"]
[EventRounds "5"]
[EventCountry "CAN"]
[SourceTitle "hb 2011"]

1. d4 d5 2. Nf3 Nf6 3. c4 c6 4. Nc3 dxc4 5. a4 Bf5 6. e3 e6 7. Bxc4 Bb4 8. O-O Nbd7 9. Qe2 Bg4 10. Rd1 Qa5 11. e4 O-O 12. e5 Nd5 13. Nxd5 cxd5 14. Bd3 Kh8 15. Bg5 Rfc8 16. Qe3 Bh5 17. Qf4 Nf8 18. Bf6 Kg8 19. Qg5 Bg6 20. h4 h6 21. Qg3 gxf6 22. h5 f5 23. hxg6 fxg6 1/2-1/2

[Event "Varennes inv."]
[Site "Varennes CAN"]
[Date "2011.11.05"]
[Round "3"]
[White "Masse, Hugues"]
[Black "Leveille, Francois"]
[Result "0-1"]
[WhiteElo "2294"]
[BlackElo "2309"]
[PlyCount "74"]
[GameId "2160767909639334"]
[EventDate "2011.11.04"]
[EventType "tourn"]
[EventRounds "5"]
[EventCountry "CAN"]
[SourceTitle "hb 2011"]

1. d4 Nf6 2. c4 g6 3. Nc3 Bg7 4. e4 d6 5. Nf3 O-O 6. Be2 e5 7. Be3 Ng4 8. Bg5 f6 9. Bh4 Nc6 10. d5 Ne7 11. Nd2 h5 12. O-O c5 13. Rb1 Nh6 14. f3 g5 15. Bf2 Ng6 16. b4 b6 17. bxc5 bxc5 18. Nb3 Rf7 19. Qd2 Bf8 20. Na4 f5 21. Nbxc5 dxc5 22. Nxc5 Nf4 23. Nb3 g4 24. c5 Qg5 25. Kh1 gxf3 26. Bxf3 fxe4 27. Bxe4 Bf5 28. Qe3 Ng4 29. Qf3 Bxe4 30. Qxe4 Nf6 31. Qf3 e4 32. Qg3 Qxg3 33. Bxg3 N6xd5 34. Rbe1 Re8 35. Bh4 e3 36. Bg5 e2 37. Rf3 Nd3 0-1

[Event "Varennes inv."]
[Site "Varennes CAN"]
[Date "2011.11.06"]
[Round "4"]
[White "Leveille, Francois"]
[Black "Roy, Myriam"]
[Result "1-0"]
[WhiteElo "2309"]
[BlackElo "2088"]
[PlyCount "69"]
[GameId "2160767909639338"]
[EventDate "2011.11.04"]
[EventType "tourn"]
[EventRounds "5"]
[EventCountry "CAN"]
[SourceTitle "hb 2011"]

1. c4 c6 2. e4 d5 3. exd5 cxd5 4. d4 Nf6 5. Nc3 e6 6. Nf3 Nc6 7. Bd3 Be7 8. O-O O-O 9. a3 dxc4 10. Bxc4 Nd5 11. Re1 a6 12. Bd3 Bf6 13. Be4 h6 14. Bc2 Nce7 15. Qd3 Ng6 16. Be3 b5 17. h4 Re8 18. Qe4 Bd7 19. Rad1 Qc7 20. Qg4 Nde7 21. h5 Nf8 22. Bxh6 Nf5 23. Bf4 Qc8 24. Be5 Nh7 25. Rc1 Bc6 26. Ne4 Bxe5 27. dxe5 Qd8 28. Red1 Qe7 29. Nd6 Nh6 30. Bxh7+ Kxh7 31. Ng5+ Kg8 32. Qf4 Bd5 33. Nxe8 Rxe8 34. Rd3 a5 35. Rdc3 1-0

[Event "Varennes inv."]
[Site "Varennes CAN"]
[Date "2011.11.06"]
[Round "5"]
[White "Masse, Hugues"]
[Black "Caire, Francois"]
[Result "0-1"]
[WhiteElo "2294"]
[BlackElo "2272"]
[PlyCount "66"]
[GameId "2160767909639340"]
[EventDate "2011.11.04"]
[EventType "tourn"]
[EventRounds "5"]
[EventCountry "CAN"]
[SourceTitle "hb 2011"]

1. d4 d5 2. c4 c6 3. Nf3 e6 4. Nc3 dxc4 5. a4 Bb4 6. e3 b5 7. Bd2 a5 8. axb5 Bxc3 9. Bxc3 cxb5 10. b3 Bb7 11. bxc4 b4 12. Bb2 Nf6 13. Bd3 Nbd7 14. O-O O-O 15. Re1 Ne4 16. Nd2 Nxd2 17. Qxd2 Qe7 18. c5 Rfb8 19. Qc2 Bc6 20. e4 Qg5 21. Re3 Nf6 22. Rg3 Qf4 23. Re1 b3 24. Qb1 a4 25. d5 exd5 26. exd5 Bxd5 27. Bxh7+ Kf8 28. Be5 Qxe5 29. Rxe5 a3 30. Re1 b2 31. Rxa3 Rxa3 32. Qd1 Nxh7 33. Qxd5 b1=Q 0-1

[Event "Winnipeg TNT April op"]
[Site "Winnipeg CAN"]
[Date "2011.04.05"]
[Round "1"]
[White "Boron, Anthony"]
[Black "Evans, Brian"]
[Result "1-0"]
[WhiteElo "1986"]
[BlackElo "1564"]
[PlyCount "55"]
[GameId "2160767909778987"]
[EventDate "2011.04.05"]
[EventType "swiss"]
[EventRounds "4"]
[EventCountry "CAN"]
[SourceTitle "EXT 2022"]
[Source "ChessBase"]
[SourceDate "2021.10.06"]
[SourceVersion "1"]
[SourceVersionDate "2021.10.06"]
[SourceQuality "1"]

1. d4 d5 2. Nf3 Nf6 3. e3 e6 4. Bd3 b6 5. O-O c5 6. c3 c4 7. Bc2 Bb7 8. Ne5 Nc6 9. f4 Bd6 10. Nd2 O-O 11. Ndf3 Bxe5 12. fxe5 Nd7 13. e4 h6 14. exd5 exd5 15. Qe1 Qe7 16. Qg3 Qe6 17. Nh4 Ne7 18. Nf5 Ng6 19. Nd6 Bc6 20. h4 Ne7 21. Nf5 Nxf5 22. Bxf5 Qe7 23. Bxh6 f6 24. e6 Kh8 25. Bf4 Ne5 26. dxe5 fxe5 27. Bxe5 Be8 28. Bd6 1-0

[Event "Winnipeg TNT April op"]
[Site "Winnipeg CAN"]
[Date "2011.04.05"]
[Round "1"]
[White "Green, Aaron"]
[Black "Milord, Frank"]
[Result "1/2-1/2"]
[WhiteElo "2021"]
[BlackElo "1658"]
[PlyCount "75"]
[GameId "2160767909778988"]
[EventDate "2011.04.05"]
[EventType "swiss"]
[EventRounds "4"]
[EventCountry "CAN"]
[SourceTitle "EXT 2022"]
[Source "ChessBase"]
[SourceDate "2021.10.06"]
[SourceVersion "1"]
[SourceVersionDate "2021.10.06"]
[SourceQuality "1"]

1. e4 d6 2. d4 Nf6 3. Nc3 g6 4. f4 Bg7 5. Nf3 c5 6. Be3 Qa5 7. Qd2 O-O 8. h3 a6 9. e5 dxe5 10. fxe5 cxd4 11. Bxd4 Nfd7 12. Qe3 Nc6 13. e6 Nxd4 14. exf7+ Kh8 15. Nxd4 Qc5 16. O-O-O e5 17. Ne4 Qb6 18. c3 exd4 19. cxd4 Ne5 20. g4 Nc6 21. Qa3 Qb4 22. Qxb4 Nxb4 23. Bc4 b5 24. Bb3 Bb7 25. Rhe1 Rac8+ 26. Kb1 Bd5 27. Bxd5 Nxd5 28. Rd2 Rc6 29. Nc5 Rxf7 30. Re8+ Rf8 31. Re1 Bh6 32. Rde2 Bg7 33. Nd7 Rg8 34. Rd2 Bh6 35. Rde2 Bg7 36. Rd2 Bh6 37. Rde2 Bg7 38. Rd2 1/2-1/2

[Event "Winnipeg TNT April op"]
[Site "Winnipeg CAN"]
[Date "2011.04.05"]
[Round "1"]
[White "Iomdina, Alexander"]
[Black "Kaptsan, Aron"]
[Result "0-1"]
[WhiteElo "1410"]
[BlackElo "1985"]
[PlyCount "126"]
[GameId "2160767909778990"]
[EventDate "2011.04.05"]
[EventType "swiss"]
[EventRounds "4"]
[EventCountry "CAN"]
[SourceTitle "EXT 2022"]
[Source "ChessBase"]
[SourceDate "2021.10.06"]
[SourceVersion "1"]
[SourceVersionDate "2021.10.06"]
[SourceQuality "1"]

1. d4 Nf6 2. c4 e6 3. Nc3 Bb4 4. Qc2 c5 5. dxc5 Bxc5 6. Nf3 O-O 7. Bg5 h6 8. Bh4 Nc6 9. e3 Be7 10. Bd3 d5 11. cxd5 Nxd5 12. Bxe7 Ndxe7 13. O-O Nb4 14. Qd2 Qxd3 15. Qc1 Qc2 16. Qxc2 Nxc2 17. Rac1 Nb4 18. Ne5 Nbc6 19. Nf3 b6 20. Nb5 Ba6 21. a4 Rac8 22. Rfd1 Bxb5 23. axb5 Na5 24. Ra1 Rfd8 25. Rxd8+ Rxd8 26. h3 Rd5 27. b4 Rxb5 28. bxa5 Rxa5 29. Rb1 Kf8 30. Kf1 Ra2 31. Nd4 Nd5 32. e4 Nc3 33. Re1 Rd2 34. Nc6 a5 35. Rb1 Rd1+ 36. Rxd1 Nxd1 37. Ke2 Nb2 38. Kd2 Ke8 39. Kc3 Nd1+ 40. Kc4 Nxf2 41. e5 Kd7 42. Kb5 Kc7 43. Nd4 Nd3 44. Nc6 Nf4 45. g4 Nxh3 46. Nd4 Nf2 47. Nf3 Nxg4 48. Nd4 Nxe5 49. Ka4 h5 50. Ne2 h4 51. Nf4 Kc6 52. Kb3 b5 53. Kc3 g5 54. Nh5 g4 55. Ng7 g3 56. Kd4 g2 57. Ke4 g1=Q 58. Nxe6 fxe6 59. Kf4 h3 60. Ke4 h2 61. Kf4 h1=Q 62. Kxe5 Qd5+ 63. Kf4 Qgg5# 0-1